00517nam a22002057a 450000500170000001000130001702000220003003500130005203700160006504000120008108200150009310000210010824500590012926000410018827000160022930000200024550000200026565000140028565000120029920170124105951.0 aA-094058 c00.00a8186580093 aA-094058 bCen Lib/Ret aDPLbEN a296.6bCOH aCohon, Samuel S. aDay book af service at the altar /cby samuel S. Cohon aCalifornia bHarelick and rothc1978 bCalifornia  a358p.c21cm(Hb) aIncludes index  aReligion  aJudaism